| 000 | 00620nam a22002415a 4500 | ||
|---|---|---|---|
| 999 |
_c3334 _d233838 |
||
| 001 | 002981 | ||
| 003 | armpunfd | ||
| 005 | 20190409164547.0 | ||
| 008 | 140916s2002####ag############000#0#und#d | ||
| 020 | _a9505085834 | ||
| 080 | _a346.1 G 342 | ||
| 100 | 1 | _aGhersi, Carlos Alberto. | |
| 245 | 1 | 0 |
_aCuantificacion Economica: Econometria Juridica : _bMetodologia / |
| 260 |
_aBuenos Aires : _bAstrea, _c2002. |
||
| 300 | _a153 P. | ||
| 650 | 7 |
_aCuantificacion de Daños _2LEMB |
|
| 650 | 7 |
_aDaños _2LEMB |
|
| 651 | _2LEMB | ||
| 700 | 1 | _a. | |
| 945 | _d2014-09-16 | ||
| 945 |
_acd _d2014-09-16 |
||